000 00933nas a2200277 4500
001 BR2017002297
003 BR-BrBNA
005 20231205131050.0
007 ta
008 230509b bl.|||p| |||| 00| 00por d
040 _aBR-BrBNA
_bpor
_cBiblioteca Nacional de Agricultura
041 _a(Pt)
072 _aK10
100 1 _aCardinelli, L.S.
100 1 _aFonseca, R.S.
100 1 _aMartins, S.V.
245 1 _aInvasão de palmeira australiana no sub-bosque de uma floresta plantada, Viçosa, MG
650 _aARAUCÁRIA ANGUSTIFOLIA
650 _aPINHEIRO-DO-PARANÁ
650 _aINVENTÁRIO FLORESTAL
650 _aREGENERAÇÃO NATURAL
773 0 _tPesquisa Florestal Brasileira (Brazil)
_xISSN 1983-2605
_g(Jul-Sep 2017), v. 37(91) p. 249-258
_wBR2017002297
856 4 0 _uhttp://pfb.cnpf.embrapa.br/pfb/index.php/pfb/article/view/1177/584
909 _a202311
_bLúcia
_c55
_dLúcia Elande
942 _2AGRIS
_n0
_cANA
999 _c252854
_d252854